Регионална библиотека "Любен Каравелов" - Русе

Кирливите ризи на националната сигурност (Запис номер 55040)

MARC детайли
000 -Лидер
Контролно поле с фиксирана дължина 01200nam a2200325 c 4500
003 - Код на организацията, давaща контролен номер
Контролно поле BLK
005 - Дата и час на последна редакция
Контролно поле 20240516100638.0
008 - Елементи от данни с фиксирана дължина
fixed length control field 180408b bul|||||r ||||||| ||bul||
010 ## - Наследен системен номер
LC control number KNG00059005000
020 ## - Международен стандартен номер на книга ISBN
Международен стандартен номер на книга ISBN 954-9415-14-7
040 ## - Източник на каталожния запис
Идентификатор на билиотеката - собственик на записа BLK
041 ## - Код за език
Код за езика на текст/звукозапис или на отделно заглавие Български
Код за езика КДБФ Български
080 ## - УДК
Текстов определител УДК Българска литература
УДК код - определител по УДК 821.163.2
УДК определител -311.6
УДК - код + определител 821.163.2-311.6
100 1# - Редна дума - Автор
Автор Христозов, Петър
Авторска отговорност първи автор
R(LIN) 251078
139 ## - Редно поле
Редна дума Христозов, Петър
Авторски знак Христод - Х 82
245 10 - Сведения за заглавието
Заглавие Кирливите ризи на националната сигурност
Подзаглавни данни Полит. роман за събития, на които ще бъдем свидетели
Редно поле (дума) Петър Христозов.
257 ## - Страна на издаване
Страна на създаване/издаване България
260 ## - Област на издателските данни
Място на издаване, разпространение и проч. София
Име на издателя, разпространителя и проч. Водолей
Година на издаване 2006
300 ## - Физическа характеристика
Страници 198 с.
Размери/Мащаб 20 см
380 ## - Жанр
Жанр Худож. лит.
500 ## - Общи забележки
Забележка Петър Христозов - псевд. на Христо Вълчев. - Офс. изд.
653 ## - Ключова дума – ненормативна
Ключова дума политически романи
852 ## - Местоположение
Форматна сигнатура Цб 226905
856 4# - Електронен адрес и достъп
Електронен формат pdf - файл
856 4# - Електронен адрес и достъп
Електронен формат pdf - файл
942 ## - АРТИКУЛИ
Вид на библиотечния материал Книги
Скрит в OPAC Не
Koha issues (borrowed), all copies 1
944 ## - СЪЗДАВАНЕ И РЕДАКЦИЯ на ЗАПИСА
Създаване/Редакция Създаване
Дата на регистрацията/редакция 24.03.2006
Служител, извършил регистрацията/редакцията 30564
Статус, дата на статуса Галина Якимова
944 ## - СЪЗДАВАНЕ И РЕДАКЦИЯ на ЗАПИСА
Създаване/Редакция Редакция
Дата на регистрацията/редакция 05.03.2007
999 ## - СИСТЕМНИ КОНТРОЛНИ НОМЕРА
Koha biblionumber 55040
Koha biblioitemnumber 55040
999 ## - СИСТЕМНИ КОНТРОЛНИ НОМЕРА
Koha biblioitemnumber 55040
Наличности
Код за отписване Код за изгубен артикул Източник на класификационната схема Код за повреда Коз за рестрикции Код за отдаване Артикулен № Име на библиотеката - собственик Име на библиотеката, в която се намира в момента Статус (Текущо местоположение) Дата на вписване в системата Местоположение - отдел Цена в лева Инвентарен номер Систематично азбучна сигнатура Баркод Номер на екземпляра Цена в евро Служебна бележка Служебен тип на артикула
Изтеглен Не е изгубен Universal Decimal Classification Не е повреден без рестрикции заемане за дома 86655 Регионална библиотека "Любен Каравелов" Русе Регионална библиотека "Любен Каравелов" Русе Заемна - подръчен фонд 2006-03-24 Заемна - подръчен фонд 6.00 120000700893 П 886.7-31/Х 82 120000700893 1 3.07 Дост: Pk Вид: Ф N: 3 Дата: 24.03.2006 Книги
  Не е изгубен   Не е повреден без рестрикции ползва се в читалня 86656 Регионална библиотека "Любен Каравелов" Русе Регионална библиотека "Любен Каравелов" Русе Хранилище 2007-03-02 Хранилище 6.00 120000710487 Цб 226905 120000710487 2 3.07 Дост: Dp Вид: Д N: 22 Дата: 10.05.2006 Книги
  Не е изгубен Universal Decimal Classification Не е повреден   заемане за дома 940131 Регионална библиотека "Любен Каравелов" Русе Регионална библиотека "Любен Каравелов" Русе Заемна - подръчен фонд 2024-02-12 Заемна - подръчен фонд 6.00 120000899159 821.163.2-31/Х 82 П 120000899159   3.07   Книги
Vip Innovations Ltd, Rousse, Bulgaria 2025